Decarbonising the built environment in China (Record no. 121713)
[ view plain ]
| 000 -LEADER | |
|---|---|
| fixed length control field | 01317nam a22002777a 4500 |
| 001 - CONTROL NUMBER | |
| control field | 121713 |
| 008 - FIXED-LENGTH DATA ELEMENTS--GENERAL INFORMATION | |
| fixed length control field | 231103s2023 xxk|||||o|||| 00| 0 eng d |
| 020 ## - INTERNATIONAL STANDARD BOOK NUMBER | |
| ISBN | 9781783215126 |
| 041 ## - LANGUAGE CODE | |
| Language code of text/sound track or separate title | eng |
| 100 ## - MAIN ENTRY--PERSONAL NAME | |
| Personal author | Lao, Donglai |
| 110 ## - MAIN ENTRY--CORPORATE NAME | |
| Corporate author | Royal Institution of Chartered Surveyors |
| 245 ## - TITLE STATEMENT | |
| Title | Decarbonising the built environment in China |
| Subtitle | Integrating the efforts of regulators and companies |
| Medium | [Electronic resource] |
| 260 ## - PUBLICATION INFORMATION | |
| Place of publication | London, |
| Publisher | Royal Institution of Chartered Surveyors, |
| Date | November 2023 |
| 300 ## - PHYSICAL DESCRIPTION | |
| Physical description | 18p. |
| 490 ## - SERIES TITLE | |
| Series statement | RICS Policy Paper |
| 520 ## - ABSTRACT | |
| Abstract | This paper presents the current progress of decarbonisation in China’s built environment, including an overview of energy consumption and carbon emissions from the building sector (comprising construction and real estate) and a description of the policy landscape. It then identifies policy gaps and solutions to facilitate the decarbonisation process in China |
| 650 ## - KEYWORDS | |
| Keywords | CLIMATE CHANGE |
| 650 ## - KEYWORDS | |
| Keywords | NET ZERO |
| 650 ## - KEYWORDS | |
| Keywords | DECARBONISATION |
| 651 ## - SUBJECT ADDED ENTRY--GEOGRAPHIC NAME | |
| Geographic name | China |
| 690 ## - BROAD SUBJECT | |
| 9 (RLIN) | 6238 |
| Broad subject | Environment |
| 690 ## - BROAD SUBJECT | |
| 9 (RLIN) | 6307 |
| Broad subject | Built Environment |
| 710 ## - ADDED CORPORATE NAME | |
| Added corporate author | Royal Institution of Chartered Surveyors |
| 856 ## - ONLINE RESOURCE | |
| Uniform Resource Identifier | <a href="https://www.rics.org/content/dam/ricsglobal/documents/reports/rics-cop28-policy-paper-china.pdf">https://www.rics.org/content/dam/ricsglobal/documents/reports/rics-cop28-policy-paper-china.pdf</a> |
| Public note | Available free on RICS.org |
| 942 ## - ADDED ENTRY ELEMENTS (KOHA) | |
| Suppress in OPAC | Do not suppress in OPAC |
| Lost status | Damaged status | Not for loan | Current library | Shelving location | Date acquired | Total Checkouts | Full call number | Date last seen | Price effective from | Koha item type |
|---|---|---|---|---|---|---|---|---|---|---|
| Virtual | Online | 10/11/2023 | ONLINE PUBLICATION | 10/11/2023 | 10/11/2023 | Online material |